[Event "RUS-chT (Women)"]
[Site "Sochi"]
[Date "2018.05.09"]
[Round "8.6"]
[White "Yakimenko, Anastasia"]
[Black "Tomnikova, Lidia"]
[Result "1-0"]
[WhiteElo "2013"]
[BlackElo "2146"]
[PlyCount "53"]
[EventDate "2018.05.01"]
[EventType "team-tourn"]
[EventRounds "9"]
[EventCountry "RUS"]
[SourceTitle "CBM 184 Extra"]
[Source "ChessBase"]
[SourceDate "2018.06.28"]
[SourceVersion "1"]
[SourceVersionDate "2018.06.28"]
[SourceQuality "1"]
[WhiteTeam "CVC Group (W)"]
[BlackTeam "Moscow Devyataya Gorizontal (W)"]
[WhiteTeamCountry "RUS"]
[BlackTeamCountry "RUS"]

1. Nf3 Nf6 2. g3 d5 3. Bg2 e6 4. d4 Be7 5. 0-0 0-0 6. c4 b6 7. Nc3 Bb7 8. Bg5 h6 9. Bxf6 Bxf6 10. cxd5 exd5 11. Rc1 Re8 12. b4 a6 13. a4 Nc6 14. b5 Na5 15. e3 Qd7 16. Ne1 axb5 17. axb5 Be7 18. Nd3 Ba3 19. Rc2 g5 20. Ne5 Qe6 21. Qh5 Bf8 22. f4 f6 23. f5 Qe7 24. Nxd5 Qg7 25. Rxc7 Be7 26. Ng6 Bxd5 27. Bxd5+ 1-0

[Event "Wch U18 Girls"]
[Site "Khanty-Mansiysk"]
[Date "2016.09.26"]
[Round "5"]
[White "Vidic, Teja"]
[Black "Yakimenko, Anastasia"]
[Result "0-1"]
[WhiteElo "2121"]
[BlackElo "1983"]
[PlyCount "108"]
[EventDate "2016.09.22"]
[EventType "swiss"]
[EventRounds "11"]
[EventCountry "RUS"]
[SourceTitle "EXT 2017"]
[Source "ChessBase"]
[SourceDate "2016.10.25"]
[SourceVersion "1"]
[SourceVersionDate "2016.10.25"]
[SourceQuality "1"]

1. e4 c5 2. Nf3 e6 3. b3 d6 4. Bb2 Nf6 5. e5 dxe5 6. Nxe5 Be7 7. Bd3 Nbd7 8. f4 Nd5 9. 0-0 Bf6 10. Qf3 Qe7 11. a4 g6 12. Na3 0-0 13. Nac4 Bg7 14. Rae1 Nb4 15. Be4 Nf6 16. c3 Nxe4 17. Qxe4 Nd5 18. Ne3 Nf6 19. Qf3 Qc7 20. c4 b6 21. d4 cxd4 22. Bxd4 Bb7 23. Qe2 Rfd8 24. Qb2 Ne4 25. Rd1 f6 26. N5g4 Kf7 27. Kh1 h5 28. Nf2 Nd6 29. Nh3 Rg8 30. Rc1 Nf5 31. Nxf5 gxf5 32. Qe2 Kg6 33. Rc3 Qc6 34. Ng1 Rh8 35. Nf3 h4 36. h3 Rag8 37. c5 bxc5 38. Rxc5 Qe4 39. Qb5 Bd5 40. Rc3 Kh5 41. Re3 Qc2 42. Rc3 Qe4 43. Re3 Qc2 44. Qd7 Bh6 45. Qf7+ Rg6 46. Nxh4 Rhg8 47. Rg3 e5 48. Rxg6 Bxf7 49. g4+ Kxh4 50. Bf2+ Kxh3 51. Rxh6+ Kxg4 52. Rh4+ Kf3 53. Bg1+ Ke4 54. fxe5+ Rg4 0-1

[Event "Wch U18 Girls"]
[Site "Khanty-Mansiysk"]
[Date "2016.09.24"]
[Round "3"]
[White "Uuriintuya, Uurtsaikh"]
[Black "Yakimenko, Anastasia"]
[Result "1-0"]
[WhiteElo "2228"]
[BlackElo "1983"]
[PlyCount "95"]
[EventDate "2016.09.22"]
[EventType "swiss"]
[EventRounds "11"]
[EventCountry "RUS"]
[SourceTitle "EXT 2017"]
[Source "ChessBase"]
[SourceDate "2016.10.25"]
[SourceVersion "1"]
[SourceVersionDate "2016.10.25"]
[SourceQuality "1"]

1. e4 c5 2. Nf3 Nc6 3. d4 cxd4 4. Nxd4 e5 5. Nb5 a6 6. Nd6+ Bxd6 7. Qxd6 Qf6 8. Qd2 Qg6 9. f3 Nge7 10. Bd3 0-0 11. 0-0 d6 12. c4 f5 13. Qg5 Nb4 14. exf5 Qxg5 15. Bxg5 Nxd3 16. Bxe7 Re8 17. Bxd6 Nxb2 18. Nd2 Bxf5 19. c5 Rac8 20. Rac1 h6 21. Nb3 e4 22. Nd4 Bg6 23. fxe4 Rxe4 24. Nf3 Nd3 25. Rc3 Ra4 26. a3 Kh7 27. Rd1 Nf4 28. Rd2 Ne6 29. Ne5 Rd4 30. Rxd4 Nxd4 31. Rc4 Nb5 32. a4 Nxd6 33. cxd6 Rd8 34. d7 Bf5 35. Rb4 b5 36. axb5 axb5 37. g4 Be6 38. Rxb5 Kg8 39. Rb6 Bd5 40. Rd6 Ba8 41. Ra6 Bd5 42. Kf2 Kf8 43. Ke3 Ke7 44. Kd4 Bb7 45. Rg6 Rg8 46. Rb6 Bc8 47. Rb8 Bxd7 48. Rxg8 1-0

[Event "Wch U18 Girls"]
[Site "Khanty-Mansiysk"]
[Date "2016.09.23"]
[Round "2"]
[White "Yakimenko, Anastasia"]
[Black "Liscinska, Jana"]
[Result "1-0"]
[WhiteElo "1983"]
[BlackElo "1712"]
[PlyCount "79"]
[EventDate "2016.09.22"]
[EventType "swiss"]
[EventRounds "11"]
[EventCountry "RUS"]
[SourceTitle "EXT 2017"]
[Source "ChessBase"]
[SourceDate "2016.10.25"]
[SourceVersion "1"]
[SourceVersionDate "2016.10.25"]
[SourceQuality "1"]

1. Nf3 Nf6 2. g3 g6 3. Bg2 Bg7 4. 0-0 0-0 5. d3 d6 6. Nbd2 Nbd7 7. a4 a5 8. Nb3 Ne8 9. d4 e5 10. Bg5 f6 11. Bd2 e4 12. Ne1 f5 13. Bxa5 b6 14. Bb4 Nef6 15. c4 Re8 16. Nc2 d5 17. c5 Ba6 18. cxb6 cxb6 19. Bd6 Nf8 20. Be5 Qd7 21. Nb4 Bc4 22. Nd2 Rec8 23. f3 Qe7 24. Nxc4 Rxc4 25. Nc2 Rcxa4 26. Rxa4 Rxa4 27. fxe4 dxe4 28. Ne3 Qb4 29. b3 Ra3 30. Nc2 Qxb3 31. Nxa3 Qxa3 32. Qc1 Qa2 33. e3 h5 34. Bxf6 Bxf6 35. Bxe4 Bg5 36. Bd3 Kh7 37. Re1 Ne6 38. Bc4 Qa5 39. Bxe6 h4 40. Kf2 1-0

[Event "YFO-ch (Women)"]
[Site "Nebug"]
[Date "2016.03.13"]
[Round "9"]
[White "Dashina, Sofiia"]
[Black "Yakimenko, Anastasia"]
[Result "0-1"]
[WhiteElo "1535"]
[BlackElo "2070"]
[PlyCount "98"]
[EventDate "2016.03.05"]
[EventType "swiss"]
[EventRounds "9"]
[EventCountry "RUS"]
[SourceTitle "CBM 171 Extra"]
[Source "ChessBase"]
[SourceDate "2016.04.26"]
[SourceVersion "1"]
[SourceVersionDate "2016.04.26"]
[SourceQuality "1"]

1. c4 c6 2. e4 d5 3. exd5 cxd5 4. cxd5 Nf6 5. Bb5+ Bd7 6. Bc4 b5 7. Bb3 Na6 8. d4 Nc7 9. d6 exd6 10. d5 Be7 11. Nf3 0-0 12. 0-0 a5 13. a3 b4 14. a4 Qc8 15. Re1 Re8 16. Bg5 Qb7 17. Ne5 dxe5 18. d6 Bg4 19. f3 Bxf3 20. gxf3 Qb6+ 21. Kh1 Qxd6 22. Qxd6 Bxd6 23. Nd2 Nd7 24. Ne4 Bf8 25. Rac1 Ne6 26. Bd5 Ra7 27. Bxe6 Rxe6 28. Rc8 Nb6 29. Rd8 Ra8 30. Red1 Re8 31. Rxa8 Rxa8 32. Rd8 Rxd8 33. Bxd8 Nxa4 34. b3 Nc5 35. Nxc5 Bxc5 36. Bxa5 f6 37. Kg2 Kf7 38. Kf1 Ke6 39. Ke2 Kf5 40. Kd3 Kf4 41. Kc4 Bf8 42. Bxb4 Bxb4 43. Kxb4 Kxf3 44. Kc5 e4 45. b4 e3 46. b5 e2 47. b6 e1Q 48. Kc6 Qe7 49. b7 Qd8 0-1

[Event "YFO-ch (Women)"]
[Site "Nebug"]
[Date "2016.03.10"]
[Round "6"]
[White "Maltsevskaya, Anna"]
[Black "Yakimenko, Anastasia"]
[Result "0-1"]
[WhiteElo "1291"]
[BlackElo "2070"]
[PlyCount "76"]
[EventDate "2016.03.05"]
[EventType "swiss"]
[EventRounds "9"]
[EventCountry "RUS"]
[SourceTitle "CBM 171 Extra"]
[Source "ChessBase"]
[SourceDate "2016.04.26"]
[SourceVersion "1"]
[SourceVersionDate "2016.04.26"]
[SourceQuality "1"]

1. e4 c5 2. c3 d5 3. exd5 Qxd5 4. Nf3 Nf6 5. d4 Bg4 6. Be2 e6 7. c4 Qd8 8. Bg5 Nbd7 9. 0-0 h6 10. Bxf6 Nxf6 11. Nc3 cxd4 12. Nxd4 Bxe2 13. Ncxe2 Be7 14. Qa4+ Qd7 15. Qc2 0-0 16. Rfd1 Qc7 17. Nb5 Qc5 18. a3 Rac8 19. Rac1 Ng4 20. Ned4 Bg5 21. b4 Qe7 22. Rb1 a6 23. Nc3 Rxc4 24. Qe2 Rxc3 25. Qxg4 Rxa3 26. Re1 Rd8 27. Nf5 exf5 28. Qxf5 Qf6 29. Qe4 Ra2 30. f3 Rdd2 31. Qg4 Be3+ 32. Rxe3 Rxg2+ 33. Qxg2 Rxg2+ 34. Kxg2 Qg6+ 35. Kf2 Qxb1 36. Re8+ Kh7 37. Rb8 Qb2+ 38. Kg3 Qe5+ 0-1

[Event "Voronezh op-A 19th"]
[Site "Voronezh"]
[Date "2015.06.19"]
[Round "8"]
[White "Yakimenko, Anastasia"]
[Black "Okun, Evgeny"]
[Result "0-1"]
[WhiteElo "1975"]
[BlackElo "2191"]
[PlyCount "92"]
[EventDate "2015.06.12"]
[EventType "swiss"]
[EventRounds "9"]
[EventCountry "RUS"]
[SourceTitle "CBM 167 Extra"]
[Source "ChessBase"]
[SourceDate "2015.09.14"]
[SourceVersion "1"]
[SourceVersionDate "2015.09.14"]
[SourceQuality "1"]

1. Nf3 g6 2. g3 Bg7 3. Bg2 d6 4. d4 f5 5. 0-0 Nf6 6. c3 Nc6 7. Nbd2 0-0 8. Qe1 e5 9. dxe5 dxe5 10. e4 f4 11. b3 Nh5 12. Ba3 Rf7 13. h3 h6 14. Rd1 Qe8 15. Nc4 Be6 16. Nb2 a5 17. c4 Nd4 18. Nxd4 exd4 19. Rd3 Be5 20. g4 f3 21. Bh1 Bxg4 22. hxg4 Qd8 23. Rxf3 Rxf3 24. Kg2 Rf7 25. Nd3 Nf4+ 26. Nxf4 Bxf4 27. Bc1 Qg5 28. Bxf4 Qxf4 29. f3 d3 30. Qg3 Qd2+ 31. Qf2 Qg5 32. Rd1 Rd8 33. Qd2 Qf6 34. Kg3 g5 35. Qe3 d2 36. e5 Qf4+ 37. Qxf4 gxf4+ 38. Kf2 Re7 39. Bg2 Rxe5 40. Bf1 c5 41. Be2 Re3 42. g5 hxg5 43. Rg1 Kf7 44. Bd1 Kf6 45. Rh1 Kg7 46. Rg1 Re5 0-1

[Event "Voronezh op-A 19th"]
[Site "Voronezh"]
[Date "2015.06.17"]
[Round "6"]
[White "Yakimenko, Anastasia"]
[Black "Fedotov, Nikita1111"]
[Result "1/2-1/2"]
[WhiteElo "1975"]
[BlackElo "2152"]
[PlyCount "96"]
[EventDate "2015.06.12"]
[EventType "swiss"]
[EventRounds "9"]
[EventCountry "RUS"]
[SourceTitle "CBM 167 Extra"]
[Source "ChessBase"]
[SourceDate "2015.09.14"]
[SourceVersion "1"]
[SourceVersionDate "2015.09.14"]
[SourceQuality "1"]

1. e4 c5 2. Nf3 d6 3. d4 cxd4 4. Nxd4 Nf6 5. f3 Nc6 6. c4 Qb6 7. Nc2 g6 8. Nc3 Bg7 9. Bd2 0-0 10. Rb1 Bd7 11. Be2 a6 12. Be3 Qc7 13. 0-0 Na5 14. Na3 Rac8 15. Qd2 b6 16. Rfc1 e6 17. Bf1 Rb8 18. b4 Nb7 19. Qf2 Nd8 20. b5 Bc8 21. bxa6 Bxa6 22. Rxb6 Rxb6 23. Bxb6 Qc6 24. Nab5 Nd7 25. Be3 Nb7 26. Na7 Qc7 27. Ncb5 Bxb5 28. cxb5 Ndc5 29. Rb1 Qb6 30. Nc6 Ra8 31. Bd4 Bxd4 32. Nxd4 e5 33. Nc2 Rxa2 34. Bc4 Ra4 35. Nb4 Qa5 36. Nc6 Qc3 37. Bf1 Kg7 38. Qe1 Qxe1 39. Rxe1 f5 40. f4 Rxe4 41. Rxe4 fxe4 42. fxe5 dxe5 43. Nxe5 Kf6 44. Nc4 Ke6 45. Kf2 Kd5 46. Ke3 Nd7 47. g4 g5 48. h3 h6 1/2-1/2

[Event "RUS-chT (Women)"]
[Site "Sochi"]
[Date "2015.05.04"]
[Round "4.5"]
[White "Petrova, Olga"]
[Black "Yakimenko, Anastasia"]
[Result "1-0"]
[WhiteElo "2176"]
[BlackElo "2080"]
[PlyCount "75"]
[EventDate "2015.05.01"]
[EventType "team-swiss"]
[EventRounds "7"]
[EventCountry "RUS"]
[SourceTitle "CBM 166 Extra"]
[Source "ChessBase"]
[SourceDate "2015.06.18"]
[SourceVersion "1"]
[SourceVersionDate "2015.06.18"]
[SourceQuality "1"]
[WhiteTeam "Rostov Donchanka (W)"]
[BlackTeam "Krasnodar Kuban (W)"]
[WhiteTeamCountry "RUS"]
[BlackTeamCountry "RUS"]

1. e4 c5 2. Nf3 e6 3. d4 cxd4 4. Nxd4 a6 5. c4 Nf6 6. Nc3 Bb4 7. Qd3 Qc7 8. Be2 Nc6 9. f4 Nxd4 10. Qxd4 d6 11. Be3 e5 12. Qd3 Bxc3+ 13. bxc3 Qc6 14. Bf3 Be6 15. c5 dxc5 16. fxe5 Rd8 17. Qc2 Nd7 18. Bf4 0-0 19. 0-0 c4 20. Rad1 Qb5 21. Kh1 Nc5 22. Be3 Rxd1 23. Rxd1 Nd3 24. Bd4 Qc6 25. Rb1 b5 26. Qd2 h6 27. Qe3 Qc7 28. Bd1 Nxe5 29. Qg3 f6 30. a4 Bd7 31. axb5 Bxb5 32. Bg4 Qe7 33. Bf5 g5 34. Rf1 Kg7 35. h4 a5 36. Rb1 Be8 37. Rb6 Qe6 38. Rxe6 1-0

[Event "South FR-ch (Women)"]
[Site "Armavir"]
[Date "2015.03.??"]
[Round "7"]
[White "Yakimenko, Anastasia"]
[Black "Baraeva, Marina"]
[Result "0-1"]
[WhiteElo "2080"]
[BlackElo "2205"]
[PlyCount "106"]
[EventDate "2015.03.10"]
[EventType "swiss"]
[EventRounds "9"]
[EventCountry "RUS"]
[SourceTitle "EXT 2018"]
[Source "ChessBase"]
[SourceDate "2017.10.13"]
[SourceVersion "1"]
[SourceVersionDate "2017.10.13"]
[SourceQuality "1"]

1. e4 e6 2. d4 d5 3. Nc3 Nf6 4. e5 Nfd7 5. f4 c5 6. Nf3 Nc6 7. Be3 a6 8. Qd2 b5 9. dxc5 Bxc5 10. Bd3 Qb6 11. Bf2 Bxf2+ 12. Qxf2 Qxf2+ 13. Kxf2 Nb6 14. Rhe1 Bd7 15. h4 h5 16. Rad1 Ke7 17. Ne2 Rhc8 18. Ned4 Nb4 19. a3 Nxd3+ 20. cxd3 Na4 21. Rd2 Rab8 22. f5 exf5 23. e6 Bxe6 24. Ng5 Rb6 25. b3 Nc5 26. b4 Nd7 27. Rde2 Nf8 28. Nxf5+ Kf6 29. Ng3 Kg6 30. d4 Bg4 31. Re7 Rf6+ 32. Kg1 Ne6 33. Re5 Nf4 34. Nf1 Rc1 35. Re1 Rxe1 36. Rxe1 Ne2+ 37. Kh2 Nxd4 38. Ne3 Rd6 39. Nxg4 hxg4 40. Rd1 Nf5 41. Rf1 f6 42. Nf7 Kxf7 43. Rxf5 d4 44. Kg3 d3 45. Rf1 d2 46. Rd1 f5 47. Kf4 Kf6 48. Ke3 Ke5 49. g3 g6 50. Ke2 Ke4 51. Rf1 d1Q+ 52. Rxd1 Rxd1 53. Kxd1 Kf3 0-1

[Event "South FR-ch (Women)"]
[Site "Armavir"]
[Date "2015.03.??"]
[Round "1"]
[White "Yakimenko, Anastasia"]
[Black "Urgarcheva, Angelina"]
[Result "1-0"]
[WhiteElo "2080"]
[BlackElo "1480"]
[PlyCount "39"]
[EventDate "2015.03.10"]
[EventType "swiss"]
[EventRounds "9"]
[EventCountry "RUS"]
[SourceTitle "EXT 2018"]
[Source "ChessBase"]
[SourceDate "2017.10.13"]
[SourceVersion "1"]
[SourceVersionDate "2017.10.13"]
[SourceQuality "1"]

1. e4 e5 2. Nf3 Nc6 3. Bb5 Nf6 4. 0-0 d6 5. Re1 Bd7 6. Nc3 Be7 7. a4 0-0 8. h4 Be6 9. Bxc6 bxc6 10. d4 exd4 11. Nxd4 c5 12. Nxe6 fxe6 13. e5 Nd7 14. exd6 cxd6 15. Rxe6 Nb6 16. a5 Nc8 17. Qd5 Nb6 18. axb6 a5 19. Rxd6+ Kh8 20. Rxd8 1-0

[Event "Krasnodar Region-ch (Women)"]
[Site "Krasnodar"]
[Date "2014.10.09"]
[Round "7"]
[White "Yakimenko, Viktoria"]
[Black "Yakimenko, Anastasia"]
[Result "1/2-1/2"]
[WhiteElo "2012"]
[BlackElo "2058"]
[PlyCount "81"]
[EventDate "2014.10.03"]
[EventType "swiss"]
[EventRounds "9"]
[EventCountry "RUS"]
[SourceTitle "EXT 2015"]
[Source "ChessBase"]
[SourceDate "2014.11.20"]
[SourceVersion "1"]
[SourceVersionDate "2014.11.20"]
[SourceQuality "1"]

1. e4 e5 2. Nf3 Nc6 3. Nc3 Nf6 4. Bb5 d6 5. a3 Bg4 6. 0-0 Be7 7. h3 Bxf3 8. Qxf3 0-0 9. Ne2 d5 10. exd5 e4 11. Qe3 Qxd5 12. Nc3 Qe6 13. d3 exd3 14. Qxe6 fxe6 15. Bxd3 Nd5 16. Bc4 Rad8 17. Nb5 Bd6 18. Nxd6 Rxd6 19. Rd1 h6 20. b4 Ne5 21. Bb3 g5 22. Bb2 Ng6 23. g3 Kh7 24. c4 Nf6 25. Bxf6 Rxf6 26. Bc2 e5 27. c5 Rxd1+ 28. Rxd1 Kg7 29. Kg2 Rf7 30. Be4 b6 31. Rd5 Re7 32. Kf3 Kf6 33. Bxg6 Kxg6 34. Ke4 Kf6 35. c6 a6 36. Rd7 Rxd7 37. cxd7 Ke7 38. Kxe5 Kxd7 39. f4 gxf4 40. gxf4 c5 41. bxc5 1/2-1/2

[Event "Krasnodar Region-ch (Women)"]
[Site "Krasnodar"]
[Date "2014.10.05"]
[Round "3"]
[White "Demchenko, Alisa"]
[Black "Yakimenko, Anastasia"]
[Result "1-0"]
[WhiteElo "1610"]
[BlackElo "2058"]
[PlyCount "119"]
[EventDate "2014.10.03"]
[EventType "swiss"]
[EventRounds "9"]
[EventCountry "RUS"]
[SourceTitle "EXT 2015"]
[Source "ChessBase"]
[SourceDate "2014.11.20"]
[SourceVersion "1"]
[SourceVersionDate "2014.11.20"]
[SourceQuality "1"]

1. e4 c5 2. b3 d5 3. exd5 Qxd5 4. Nf3 Bg4 5. Nc3 Qd8 6. Bb5+ Nd7 7. Ne4 Qb6 8. Bxd7+ Bxd7 9. 0-0 Nf6 10. Qe2 0-0-0 11. Ne5 Nxe4 12. Qxe4 Be6 13. d3 Rd4 14. Qf3 f6 15. Nc4 Qc7 16. Be3 Bg4 17. Qg3 Qxg3 18. hxg3 Rd5 19. Bd2 Rd7 20. f3 Be6 21. Rfe1 Bd5 22. Be3 e5 23. Nd2 b6 24. a4 a5 25. Nc4 Kb7 26. Bd2 g5 27. Kf2 Rg8 28. g4 Bxc4 29. bxc4 Rh8 30. Rab1 Ka6 31. Rh1 h6 32. Ke3 h5 33. Rxh5 Rxh5 34. gxh5 f5 35. g4 Bh6 36. Bc3 fxg4 37. fxg4 Rf7 38. Rg1 Kb7 39. Ke4 Bg7 40. Kd5 Rf8 41. Re1 Rf4 42. Re4 Kc7 43. Bxe5+ Bxe5 44. Kxe5 Rf2 45. h6 Kd7 46. Re3 Rh2 47. Kf5 Rxh6 48. Kxg5 Rd6 49. Kf5 b5 50. cxb5 Rd4 51. Re4 Rd5+ 52. Kf6 Rd6+ 53. Kf7 Rd5 54. Kg6 Rd6+ 55. Kh5 Rf6 56. g5 Rf2 57. Rc4 Rf5 58. Kg6 Re5 59. Re4 Rd5 60. Kf6 1-0

[Event "Malaya Zemlya op"]
[Site "Novorossiysk"]
[Date "2014.07.12"]
[Round "5"]
[White "Shandrygin, Nikita"]
[Black "Yakimenko, Anastasia"]
[Result "1-0"]
[WhiteElo "2000"]
[BlackElo "1945"]
[PlyCount "109"]
[EventDate "2014.07.08"]
[EventType "swiss"]
[EventRounds "9"]
[EventCountry "RUS"]
[SourceTitle "CBM 161 Extra"]
[Source "ChessBase"]
[SourceDate "2014.08.29"]
[SourceVersion "1"]
[SourceVersionDate "2014.08.29"]
[SourceQuality "1"]

1. e4 c5 2. Nf3 e6 3. d4 cxd4 4. Nxd4 Nf6 5. Nc3 d6 6. g4 h6 7. h3 a6 8. Bg2 g5 9. Be3 Nbd7 10. Qe2 Ne5 11. Nf3 Nfd7 12. Bd4 Nxf3+ 13. Qxf3 e5 14. Be3 b5 15. Nd5 Bb7 16. 0-0-0 a5 17. Kb1 b4 18. Bf1 Bxd5 19. Rxd5 Qf6 20. Qd1 Qe6 21. Bc4 Qe7 22. Bb5 Rc8 23. Qd3 f6 24. Ba6 Rb8 25. Rxa5 Kf7 26. Bc4+ Kg6 27. Ra7 Bg7 28. Rd1 Rhd8 29. Qe2 Bf8 30. Qf3 Qe8 31. Qf5+ Kg7 32. Be6 Be7 33. Bxd7 Qf8 34. Bc6 Kh8 35. Qe6 Rdc8 36. Qxe7 Qxe7 37. Rxe7 Rxc6 38. Re6 Rbc8 39. Rexd6 Rxc2 40. Rd8+ Kg7 41. Rxc8 Rxc8 42. Rd3 h5 43. gxh5 Kh6 44. h4 Kxh5 45. hxg5 fxg5 46. Rd5 Re8 47. Rb5 Kg4 48. Rxb4 Kf3 49. Bxg5 Kxf2 50. a4 Ke2 51. Rb5 Kd3 52. Bf6 Kxe4 53. Rxe5+ Rxe5 54. Bxe5 Kxe5 55. b4 1-0

[Event "Malaya Zemlya op"]
[Site "Novorossiysk"]
[Date "2014.07.11"]
[Round "4"]
[White "Yakimenko, Anastasia"]
[Black "Volynsky, Mark"]
[Result "1/2-1/2"]
[WhiteElo "1945"]
[BlackElo "1949"]
[PlyCount "80"]
[EventDate "2014.07.08"]
[EventType "swiss"]
[EventRounds "9"]
[EventCountry "RUS"]
[SourceTitle "CBM 161 Extra"]
[Source "ChessBase"]
[SourceDate "2014.08.29"]
[SourceVersion "1"]
[SourceVersionDate "2014.08.29"]
[SourceQuality "1"]

1. e4 c5 2. Nf3 d6 3. d4 Nf6 4. Bb5+ Bd7 5. Bxd7+ Qxd7 6. Qe2 cxd4 7. Nxd4 g6 8. 0-0 Bg7 9. Rd1 0-0 10. Nc3 Nc6 11. Nf3 Qe6 12. Ng5 Qg4 13. Qxg4 Nxg4 14. Nd5 Nf6 15. c3 h6 16. Nxf6+ Bxf6 17. Nf3 Kg7 18. Be3 Rac8 19. Nd4 Ne5 20. Ne2 a6 21. Bd4 Nc6 22. Bb6 Ne5 23. Bd4 Nd7 24. f3 Bxd4+ 25. Nxd4 Rc4 26. Nb3 Rfc8 27. Rac1 b5 28. Kf2 Nb6 29. a3 R4c7 30. Rc2 Kf6 31. h4 h5 32. Nd4 Rc5 33. Re2 Nc4 34. g3 Nb6 35. f4 Nc4 36. Rd3 Kg7 37. Nb3 R5c7 38. Nd4 Rc5 39. Nb3 R5c7 40. Nd4 Rc5 1/2-1/2

[Event "Dvorkovich Memorial op"]
[Site "Taganrog"]
[Date "2014.01.21"]
[Round "4"]
[White "Shamugia, Panteley"]
[Black "Yakimenko, Anastasia"]
[Result "0-1"]
[WhiteElo "1961"]
[BlackElo "1927"]
[PlyCount "102"]
[EventDate "2014.01.18"]
[EventType "swiss"]
[EventRounds "9"]
[EventCountry "RUS"]
[SourceTitle "CBM 158 Extra"]
[Source "ChessBase"]
[SourceDate "2014.02.28"]
[SourceVersion "1"]
[SourceVersionDate "2014.02.28"]
[SourceQuality "1"]

1. d4 Nf6 2. c4 e6 3. Nc3 c5 4. d5 d6 5. e4 e5 6. Nf3 g6 7. Be2 Bg7 8. 0-0 0-0 9. h3 Nh5 10. Bg5 f6 11. Bh4 Nf4 12. Bd3 Na6 13. Ne2 Qe8 14. Bg3 f5 15. Bxf4 fxe4 16. Bxe4 exf4 17. Bd3 Bxb2 18. Rb1 Bg7 19. a3 Nb8 20. Re1 Qd8 21. Qc2 Qf6 22. Kf1 Nd7 23. Neg1 Qc3 24. Qxc3 Bxc3 25. Re2 Rb8 26. Rb3 Bg7 27. Rb1 Ne5 28. Nxe5 Bxe5 29. Nf3 Bf6 30. Rbe1 Bd7 31. Rb1 b6 32. Nd2 Rfe8 33. Ne4 Bd4 34. f3 a6 35. Ree1 b5 36. Rec1 bxc4 37. Bxc4 Bb5 38. Bxb5 axb5 39. Rb3 Rec8 40. Nc3 Bxc3 41. Rbxc3 c4 42. h4 Rc5 43. Rd1 Re8 44. Kf2 Re5 45. Rd4 Rcxd5 46. Rxf4 Rd2+ 47. Kg1 Ree2 48. Rg4 Rd1+ 49. Kh2 d5 50. f4 d4 51. Rf3 Rd3 0-1

[Event "Dvorkovich Memorial op"]
[Site "Taganrog"]
[Date "2014.01.19"]
[Round "2"]
[White "Kudelya, Igor"]
[Black "Yakimenko, Anastasia"]
[Result "1-0"]
[WhiteElo "2232"]
[BlackElo "1927"]
[PlyCount "77"]
[EventDate "2014.01.18"]
[EventType "swiss"]
[EventRounds "9"]
[EventCountry "RUS"]
[SourceTitle "CBM 158 Extra"]
[Source "ChessBase"]
[SourceDate "2014.02.28"]
[SourceVersion "1"]
[SourceVersionDate "2014.02.28"]
[SourceQuality "1"]

1. e4 e5 2. Nf3 Nc6 3. Bb5 f5 4. d3 fxe4 5. dxe4 Nf6 6. 0-0 d6 7. Bg5 Be6 8. Nc3 a6 9. Ba4 h6 10. Bxf6 Qxf6 11. Nd5 Qd8 12. Qd3 Bf7 13. Nb4 Be7 14. Nxc6 bxc6 15. Bxc6+ Kf8 16. Bxa8 Qxa8 17. Nd2 g5 18. Nc4 h5 19. Ne3 Qc8 20. b4 g4 21. f4 Bf6 22. Nd5 Bg7 23. Rad1 exf4 24. Rxf4 Be5 25. Rf5 Kg7 26. Rdf1 Bg6 27. Ne7 Qd8 28. Nxg6 Kxg6 29. Qc4 Qe8 30. Qxa6 Bd4+ 31. Kh1 Qxe4 32. Qc4 Qxf5 33. Rxf5 Kxf5 34. Qxd4 Re8 35. Kg1 Re4 36. Qd3 Ke5 37. a4 Rxb4 38. Qc3+ Rd4 39. a5 1-0

[Event "World School-ch U15 Girls 9th"]
[Site "Porto Carras"]
[Date "2013.05.12"]
[Round "7"]
[White "Yakimenko, Anastasia"]
[Black "Gal, Hanna Krisztina"]
[Result "1/2-1/2"]
[WhiteElo "1933"]
[BlackElo "2123"]
[PlyCount "117"]
[EventDate "2013.05.07"]
[EventType "swiss"]
[EventRounds "9"]
[EventCountry "GRE"]
[SourceTitle "CBM 154 Extra"]
[Source "ChessBase"]
[SourceDate "2013.06.25"]
[SourceVersion "2"]
[SourceVersionDate "2013.06.25"]
[SourceQuality "1"]

1. e4 c5 2. Nf3 e6 3. d4 cxd4 4. Nxd4 a6 5. c4 Nf6 6. Nc3 Bb4 7. e5 Ne4 8. Qg4 Nxc3 9. a3 Bf8 10. bxc3 Qa5 11. Qg3 d6 12. exd6 Bxd6 13. Nb3 Bxg3 14. Nxa5 Be5 15. Bd2 b6 16. Nb3 Nd7 17. 0-0-0 Bb7 18. Kb2 Nc5 19. Nxc5 bxc5 20. f3 Bc6 21. Ka2 Rb8 22. Be2 0-0 23. Rb1 Rfd8 24. Rxb8 Rxb8 25. g3 Rd8 26. Be1 Bf6 27. Rf1 Kf8 28. Kb1 Rb8+ 29. Kc2 Ba4+ 30. Kc1 Ke8 31. Bd3 Kd7 32. Rf2 h6 33. Rb2 Rxb2 34. Kxb2 Bc6 35. f4 Kd6 36. Kc2 e5 37. Kd2 exf4 38. gxf4 g6 39. Bf2 Be7 40. Bg3 f5 41. h4 Ke6 42. Ke3 Bf6 43. Be1 g5 44. hxg5 hxg5 45. Bd2 Bd7 46. Be2 Bc6 47. Bd3 a5 48. Bc2 a4 49. Bd3 g4 50. Kf2 Bh4+ 51. Kg1 g3 52. Bf1 Bb7 53. Bg2 Be4 54. Bxe4 fxe4 55. Kg2 Kf5 56. Kh3 Be7 57. Kxg3 Bd6 58. Be3 Be7 59. Kh3 1/2-1/2

[Event "Yuzhny FO-ch op (Women)"]
[Site "Astrakhan"]
[Date "2013.03.09"]
[Round "8"]
[White "Yakimenko, Anastasia"]
[Black "Kvasova, Nika"]
[Result "1-0"]
[WhiteElo "1949"]
[BlackElo "1892"]
[PlyCount "69"]
[EventDate "2013.03.02"]
[EventType "swiss"]
[EventRounds "9"]
[EventCountry "RUS"]
[SourceTitle "EXT 2014"]
[Source "ChessBase"]
[SourceDate "2013.11.20"]
[SourceVersion "1"]
[SourceVersionDate "2013.11.20"]
[SourceQuality "1"]

1. e4 e6 2. d4 d5 3. e5 c5 4. c3 Nc6 5. Nf3 Qb6 6. a3 a5 7. Bd3 Bd7 8. Bc2 cxd4 9. cxd4 Nge7 10. Nc3 Ng6 11. 0-0 Be7 12. b3 0-0 13. Bb2 Rac8 14. Re1 Rfe8 15. h3 Nf8 16. Qd3 f6 17. Rad1 fxe5 18. Nxe5 Nxe5 19. Rxe5 Bf6 20. Re2 Re7 21. f4 Qd6 22. g3 Be8 23. Qf3 Bg6 24. Bxg6 Nxg6 25. Kg2 Rd8 26. Rde1 b6 27. Nd1 Rf8 28. Nf2 Bg5 29. Qg4 Bxf4 30. Rxe6 Rxe6 31. Qxe6+ Qxe6 32. Rxe6 Bc7 33. Ng4 Rd8 34. Ne3 Kf7 35. Rc6 1-0